000 00943nam0a22002891 4500
001 RU\NLR\INFOCOMM_41\5000249386
005 20250613090720.0
035 _a(NLR Aleph) 009076318
090 _a7954417
_c7954417
100 _a20081107d1966 |||y0rusy50 ca
101 0 _afre
102 _aRU
105 _ay z 000zy
200 1 _aLa révolution culturelle en U.R.S.S.
_fArnold Arnoldov, dr. en philosophie
210 _aМ.
_cÉd. de l'Agence de presse "Novosti"
_d[1966]
215 _a113 с.
_d16 см
225 1 _aLe socialisme
_eThéorie et pratique
_v10
300 _aВ вып. дан.: Культурная революция в СССР / А. Арнольдов
686 _aИр2988
_2rubbk
686 _aМ-Л7-81
_2rubbk
700 1 _aArnol'dov
_bA. I.
_f1915-
_gArnol'd Isaevič
_4070
801 1 _aRU
_bNLR
_c20081107
801 0 _aRU
_bNLR
_gPSBO
852 _aNLR
_jИр51 Г-1/34
942 _cBOOK
980 _aNB